[Event "3MCR_4D_2LA_2S"]
[Site "?"]
[Date "1999.??.??"]
[Round "2"]
[White "Hnilicka, Michal"]
[Black "Nemecek, Pavel"]
[Result "1-0"]
[WhiteElo "1995"]
[BlackElo "2200"]
[PlyCount "73"]
[EventDate "1999.??.??"]
[EventType "corr"]

1. e4 c6 2. d4 d5 3. Nc3 dxe4 4. Nxe4 Nd7 5. Bd3 Ngf6 6. Ng5 e6 7. N1f3 Bd6 8.
Qe2 h6 9. Ne4 Nxe4 10. Qxe4 Nf6 11. Qe2 Qc7 12. Bd2 b6 13. O-O-O Bb7 14. Rhe1
O-O-O 15. Ba6 Rhe8 16. Ne5 Nd5 17. Bxb7+ Qxb7 18. Qg4 f6 19. Nd3 Qd7 20. c4 Nc7
21. Bc3 h5 22. Qxh5 Rh8 23. Qf3 Bxh2 24. g3 Rh6 25. Nb4 Kb7 26. Rh1 a5 27. Nc2
Rdh8 28. Ne3 Qf7 29. Qg2 Qh5 30. Nf1 Qe2 31. Nd2 Qg4 32. Ne4 Ne8 33. c5 f5 34.
Nd2 Qg5 35. cxb6 Kxb6 36. Bxa5+ Kb7 37. Rde1 1-0

[Event "3MCR_4D_2LA_2S"]
[Site "?"]
[Date "1999.??.??"]
[Round "2"]
[White "Nemecek, Pavel"]
[Black "Jirku, Jaroslav"]
[Result "1/2-1/2"]
[WhiteElo "2200"]
[BlackElo "2230"]
[PlyCount "71"]
[EventDate "1999.??.??"]
[EventType "corr"]

1. d4 d5 2. Nf3 Nf6 3. c4 e6 4. Bg5 Be7 5. Nc3 O-O 6. e3 h6 7. Bh4 Ne4 8. Bxe7
Qxe7 9. Rc1 c6 10. Bd3 Nxc3 11. Rxc3 dxc4 12. Bxc4 Nd7 13. O-O e5 14. Qb1 exd4
15. exd4 Nb6 16. Bb3 Qf6 17. Re1 Be6 18. Bxe6 fxe6 19. Qe4 Rae8 20. Rc2 Nd5 21.
a3 Qf5 22. Ne5 Rd8 23. Rce2 Nf4 24. Re3 Nd5 25. Rf3 Qxe4 26. Rxe4 Rxf3 27. Nxf3
Kf7 28. h4 Kf6 29. h5 Ke7 30. Rg4 Rg8 31. Kf1 Kd6 32. Ke2 Nf6 33. Rh4 Rc8 34.
b4 Kd5 35. Nd2 e5 36. Kd3 1/2-1/2

[Event "3MCR_4D_2LA_2S"]
[Site "?"]
[Date "1999.??.??"]
[Round "2"]
[White "Jirku, Jaroslav"]
[Black "Liska, Karel"]
[Result "1-0"]
[WhiteElo "2230"]
[BlackElo "2215"]
[PlyCount "73"]
[EventDate "1999.??.??"]
[EventType "corr"]

1. e4 c5 2. Nf3 Nc6 3. d4 cxd4 4. Nxd4 Nf6 5. Nc3 e5 6. Ndb5 d6 7. Bg5 a6 8.
Na3 b5 9. Nd5 Be7 10. Bxf6 Bxf6 11. c3 O-O 12. Nc2 Bg5 13. a4 bxa4 14. Rxa4 a5
15. Bc4 Rb8 16. b3 Kh8 17. O-O g6 18. Nce3 f5 19. exf5 gxf5 20. f4 exf4 21. Nc2
f3 22. Qxf3 Ne5 23. Qe2 f4 24. Nd4 Bg4 25. Nf3 Qe8 26. Rxa5 Nxf3+ 27. gxf3 Bh3
28. Qxe8 Rbxe8 29. Rd1 Rg8 30. Ra2 Re5 31. Kh1 Bh6 32. Nf6 Rg6 33. Ne4 Bf8 34.
Bf7 Rg7 35. Bd5 h5 36. c4 Be7 37. b4 1-0

[Event "3MCR_4D_2LA_2S"]
[Site "?"]
[Date "1999.??.??"]
[Round "2"]
[White "Slavik, Jan"]
[Black "Jirkovsky, Tomas"]
[Result "0-1"]
[WhiteElo "1800"]
[BlackElo "2045"]
[PlyCount "94"]
[EventDate "1999.??.??"]
[EventType "corr"]

1. e4 c6 2. d4 d5 3. exd5 cxd5 4. c4 Nf6 5. Nc3 Nc6 6. Bg5 e6 7. c5 Bd7 8. Nf3
b6 9. cxb6 Qxb6 10. Bb5 Ne4 11. Bxc6 Bxc6 12. Nxe4 dxe4 13. Ne5 Bb5 14. a3 Bd6
15. Rc1 O-O 16. Be3 Rac8 17. h4 Qa6 18. f4 Rxc1 19. Bxc1 Rc8 20. Kf2 f6 21. Ng4
Bd3 22. Re1 Qb6 23. Kg1 Qxd4+ 24. Kh1 f5 25. Ne3 Qf6 26. g3 Qg6 27. Rg1 Bc5 28.
Rg2 Bd4 29. b4 e5 30. h5 Qf6 31. fxe5 Bxe5 32. Nd5 Qf7 33. Nf4 Bxf4 34. Bxf4 e3
35. Bxe3 Be4 36. Kg1 Bxg2 37. Kxg2 a6 38. Bc5 Qe6 39. Qd2 Re8 40. Kf2 h6 41. a4
Qf7 42. Qd3 Qxh5 43. Qxa6 Qh2+ 44. Kf3 Qh1+ 45. Kf2 Qe1+ 46. Kf3 Qe4+ 47. Kf2
f4 0-1

[Event "3MCR_4D_2LA_2S"]
[Site "?"]
[Date "1999.??.??"]
[Round "2"]
[White "Absolon, Vaclav"]
[Black "Nemecek, Pavel"]
[Result "0-1"]
[WhiteElo "1870"]
[BlackElo "2200"]
[PlyCount "78"]
[EventDate "1999.??.??"]
[EventType "corr"]

1. e4 e5 2. Nf3 Nf6 3. Nxe5 d6 4. Nf3 Nxe4 5. d4 d5 6. Bd3 Be7 7. O-O Nc6 8.
Re1 Bf5 9. c4 Nb4 10. Bf1 O-O 11. a3 Nc6 12. Nc3 Nxc3 13. bxc3 dxc4 14. Bxc4
Bf6 15. Bf4 a6 16. Bd3 Bxd3 17. Qxd3 Ne7 18. Rad1 Nd5 19. Bg3 b5 20. c4 bxc4
21. Qxc4 Qd7 22. Rb1 c6 23. Rec1 Rfc8 24. h3 Be7 25. Qd3 f6 26. Rc2 Bd6 27.
Bxd6 Qxd6 28. g3 Rc7 29. Rc5 g6 30. Qc4 Kg7 31. Nd2 Qd7 32. Kg2 h6 33. Ne4 Qe7
34. Qd3 Re8 35. Nc3 Nxc3 36. Rxc3 Qd6 37. Rb4 a5 38. Ra4 Qd5+ 39. Qf3 Re4 0-1

[Event "3MCR_4D_2LA_2S"]
[Site "?"]
[Date "1999.??.??"]
[Round "2"]
[White "Konicek, Petr I"]
[Black "Jirku, Jaroslav"]
[Result "1/2-1/2"]
[WhiteElo "1800"]
[BlackElo "2230"]
[PlyCount "77"]
[EventDate "1999.??.??"]
[EventType "corr"]

1. e4 e5 2. Nf3 Nc6 3. Bc4 Nf6 4. d3 Be7 5. O-O d6 6. Bb3 Bg4 7. c3 O-O 8. h3
Bd7 9. Re1 Na5 10. Bc2 c5 11. Nbd2 b5 12. Nf1 Qc7 13. Ng3 Rfc8 14. Nf5 Bxf5 15.
exf5 Rab8 16. Qe2 Nc6 17. Ng5 d5 18. Nf3 Nd7 19. Bg5 Bxg5 20. Nxg5 Nf6 21. Nf3
Re8 22. Nd2 Re7 23. Qf3 Qd6 24. Qg3 Rbe8 25. Rad1 Qd8 26. Nb3 Qb6 27. a3 a5 28.
Nd2 a4 29. Nf3 Qa5 30. Re2 d4 31. cxd4 exd4 32. Rxe7 Nxe7 33. Qd6 Qa7 34. Re1
Nxf5 35. Qc6 Rxe1+ 36. Nxe1 Qd7 37. Qxc5 Qe7 38. Qc8+ Ne8 39. Kf1 1/2-1/2

[Event "3MCR_4D_2LA_2S"]
[Site "?"]
[Date "1999.??.??"]
[Round "2"]
[White "Nemecek, Pavel"]
[Black "Liska, Karel"]
[Result "1/2-1/2"]
[WhiteElo "2200"]
[BlackElo "2215"]
[PlyCount "69"]
[EventDate "1999.??.??"]
[EventType "corr"]

1. e4 c5 2. Nf3 Nc6 3. Bb5 g6 4. O-O Bg7 5. c3 Nf6 6. Re1 O-O 7. h3 d6 8. d4
Qb6 9. Ba4 cxd4 10. cxd4 d5 11. e5 Ne4 12. Nc3 Nxc3 13. bxc3 Qc7 14. Bf4 Nd8
15. Qd2 Qa5 16. Bb3 Ne6 17. Bh6 Bd7 18. Rac1 Ba4 19. Bxg7 Kxg7 20. Ng5 Rac8 21.
Nxe6+ fxe6 22. Rc2 Rf5 23. Rec1 Bb5 24. Rb2 Rc7 25. Bd1 Rf8 26. Bg4 Rc6 27.
Rcb1 Ba6 28. Rb3 Qc7 29. h4 b6 30. h5 Bc4 31. R3b2 Qc8 32. Rc1 Qe8 33. Bd1 Qf7
34. h6+ Kg8 35. a3 1/2-1/2

[Event "3MCR_4D_2LA_2S"]
[Site "?"]
[Date "1999.??.??"]
[Round "2"]
[White "Efler, David"]
[Black "Liska, Karel"]
[Result "0-1"]
[WhiteElo "2200"]
[BlackElo "2215"]
[PlyCount "78"]
[EventDate "1999.??.??"]
[EventType "corr"]

1. e4 e5 2. Nf3 Nc6 3. Bb5 a6 4. Ba4 Nf6 5. O-O Be7 6. Re1 b5 7. Bb3 d6 8. c3
O-O 9. h3 Na5 10. Bc2 c5 11. d4 cxd4 12. cxd4 Bb7 13. d5 Bc8 14. Bd3 Bd7 15.
Bd2 Rc8 16. Na3 Ne8 17. Qe2 g6 18. b4 Nb7 19. Qe3 Ra8 20. Qh6 f6 21. Rac1 Rf7
22. Rc2 Ng7 23. Rec1 g5 24. Rb2 Bf8 25. Nh2 Ne6 26. Qh5 Nf4 27. Bxf4 exf4 28.
Nf3 Be8 29. Nd4 Rc7 30. Qd1 Rxc1 31. Qxc1 Rc8 32. Rc2 Bd7 33. Ne6 Rxc2 34. Qxc2
Qc8 35. Qxc8 Bxc8 36. Nc2 a5 37. a3 axb4 38. axb4 Kf7 39. Ncd4 f3 0-1

[Event "3MCR_4D_2LA_2S"]
[Site "?"]
[Date "1999.??.??"]
[Round "2"]
[White "Efler, David"]
[Black "Jirku, Jaroslav"]
[Result "1/2-1/2"]
[WhiteElo "2200"]
[BlackElo "2230"]
[PlyCount "80"]
[EventDate "1999.??.??"]
[EventType "corr"]

1. e4 e5 2. Nf3 Nc6 3. Bb5 a6 4. Ba4 Nf6 5. O-O Be7 6. Re1 b5 7. Bb3 d6 8. c3
O-O 9. h3 Na5 10. Bc2 c5 11. d4 Qc7 12. Nbd2 cxd4 13. cxd4 Bb7 14. Nf1 Rac8 15.
Re2 Nd7 16. Ne3 Rfe8 17. Nf5 Bf8 18. d5 Nc4 19. Bd3 Nc5 20. Rc2 Nxd3 21. Qxd3
Qd7 22. Ng3 Nb6 23. Rxc8 Rxc8 24. b3 Be7 25. Bd2 g6 26. Qe3 Na8 27. Qh6 Bf8 28.
Qh4 Rc2 29. Nf1 Rc8 30. Ne3 Bg7 31. Ng4 f5 32. exf5 Qxf5 33. Bh6 Bh8 34. Qe7
Qf7 35. Qxd6 Qxd5 36. Nf6+ Bxf6 37. Qxf6 Qf7 38. Qxf7+ Kxf7 39. Nxe5+ Ke6 40.
Re1 Kd5 1/2-1/2

[Event "3MCR_4D_2LA_2S"]
[Site "?"]
[Date "1999.??.??"]
[Round "2"]
[White "Polak, Petr"]
[Black "Jirku, Jaroslav"]
[Result "1/2-1/2"]
[WhiteElo "1800"]
[BlackElo "2230"]
[PlyCount "74"]
[EventDate "1999.??.??"]
[EventType "corr"]

1. c4 c5 2. Nc3 Nc6 3. Nf3 g6 4. e3 Bg7 5. d4 d6 6. Be2 Nf6 7. d5 Na5 8. O-O
O-O 9. e4 Bg4 10. Ng5 Bxe2 11. Qxe2 h6 12. Nf3 Nd7 13. Bd2 a6 14. Rac1 e5 15.
Rfe1 f5 16. b3 b6 17. Rb1 Rc8 18. exf5 gxf5 19. g3 Nb7 20. Nh4 Qe8 21. Nd1 f4
22. Nc3 Qf7 23. g4 Nf6 24. h3 a5 25. Nf5 Rce8 26. Ne4 Nxe4 27. Qxe4 Qf6 28. a3
Ra8 29. Bc3 Rf7 30. Re2 Qd8 31. a4 Qg5 32. Rbe1 Rb8 33. Kh1 Rd7 34. Rg1 Nd8 35.
Qd3 Kh8 36. h4 Qg6 37. Qe4 Rf7 1/2-1/2

[Event "3MCR_4D_2LA_2S"]
[Site "?"]
[Date "1999.??.??"]
[Round "2"]
[White "Absolon, Vaclav"]
[Black "Cihal, Jan"]
[Result "1/2-1/2"]
[WhiteElo "1870"]
[BlackElo "2000"]
[PlyCount "88"]
[EventDate "1999.??.??"]
[EventType "corr"]

1. e4 c6 2. d4 d5 3. Nc3 dxe4 4. Nxe4 Bf5 5. Ng3 Bg6 6. h4 h6 7. Bc4 e6 8. N1e2
Nf6 9. Nf4 Bh7 10. O-O Nd5 11. Qg4 Nd7 12. Bxd5 cxd5 13. Nxd5 Nf6 14. Nxf6+
Qxf6 15. d5 Be7 16. Qa4+ Kf8 17. dxe6 fxe6 18. h5 Kf7 19. Be3 Qxb2 20. Rab1
Bxc2 21. Qf4+ Qf6 22. Rxb7 Rhc8 23. Qxf6+ gxf6 24. Rc1 Rc4 25. Bxh6 a6 26. Bd2
Rac8 27. a3 Kf8 28. h6 Bg6 29. Rxc4 Rxc4 30. Rb6 Rd4 31. Bb4 Bxb4 32. axb4 Ke7
33. Rb7+ Rd7 34. Rxd7+ Kxd7 35. Ne2 Ke8 36. f4 Kf7 37. g4 Bh7 38. Ng3 Kg6 39.
Ne4 f5 40. gxf5+ Kxf5 41. Nc5 Kxf4 42. Nxa6 Ke5 43. Nc5 Kd5 44. Kf2 e5 1/2-1/2

[Event "3MCR_4D_2LA_2S"]
[Site "?"]
[Date "1999.??.??"]
[Round "2"]
[White "Absolon, Vaclav"]
[Black "Hnilicka, Michal"]
[Result "1/2-1/2"]
[WhiteElo "1870"]
[BlackElo "1995"]
[PlyCount "83"]
[EventDate "1999.??.??"]
[EventType "corr"]

1. e4 e5 2. Nf3 Nf6 3. Nxe5 d6 4. Nf3 Nxe4 5. d4 d5 6. Bd3 Bd6 7. O-O O-O 8. c4
c6 9. cxd5 cxd5 10. Nc3 Nxc3 11. bxc3 Bg4 12. Rb1 Nd7 13. h3 Bh5 14. Rb5 Nb6
15. c4 Bxf3 16. Qxf3 dxc4 17. Bc2 Qd7 18. a4 Rab8 19. Be3 Bc7 20. Rfb1 Rfd8 21.
a5 Nd5 22. Bg5 f6 23. Be4 Ne7 24. Be3 b6 25. a6 f5 26. Bxf5 Nxf5 27. Rxf5 Rf8
28. Qd5+ Qxd5 29. Rxd5 Rbd8 30. Rxd8 Rxd8 31. Rb4 Rc8 32. Kf1 Bd6 33. Rb5 Kf7
34. Ke2 c3 35. Bc1 Be7 36. Kd3 Bf6 37. Rb3 c2 38. Rc3 Rxc3+ 39. Kxc3 Ke6 40.
Kxc2 Kd5 41. Kd3 Bxd4 42. f4 1/2-1/2

[Event "3MCR_4D_2LA_2S"]
[Site "?"]
[Date "1999.??.??"]
[Round "2"]
[White "Fuka, Miroslav"]
[Black "Bezpalec, Vratislav"]
[Result "0-1"]
[WhiteElo "2160"]
[BlackElo "2140"]
[PlyCount "134"]
[EventDate "1999.??.??"]
[EventType "corr"]

1. e4 e6 2. d4 d5 3. e5 c5 4. Qg4 cxd4 5. Nf3 f5 6. Qg3 Ne7 7. Nbd2 Nec6 8. a3
Nd7 9. Nb3 Qc7 10. Bf4 Nc5 11. Nxc5 Bxc5 12. b4 Bb6 13. Bd3 O-O 14. h4 Bd7 15.
h5 Be8 16. Qh3 a6 17. h6 g6 18. O-O Nd8 19. Bg5 Bb5 20. Bf6 Qd7 21. Rad1 Nc6
22. Bg7 Rf7 23. Ng5 Bxd3 24. cxd3 Re7 25. Rc1 Nd8 26. Bf6 Re8 27. Qh4 Nf7 28.
Nh3 Bd8 29. Qxd4 Nxh6 30. Bxd8 Qxd8 31. Rc5 Qd7 32. Rfc1 Rac8 33. Qc3 Rxc5 34.
Qxc5 Re7 35. Nf4 Kf7 36. Qd6 Ng8 37. Qb8 Re8 38. Qd6 Re7 39. d4 Nf6 40. Nd3 Ne8
41. Qxd7 Rxd7 42. Rc8 b5 43. Rc6 Nc7 44. f4 Re7 45. Kf2 h6 46. Nc5 g5 47. fxg5
hxg5 48. Ke2 Kg6 49. Nxa6 Nxa6 50. Rxa6 f4 51. Rb6 Ra7 52. Rxe6+ Kf5 53. Rd6
Ke4 54. Rg6 Kxd4 55. Rxg5 Rxa3 56. Rf5 Ke4 57. Rg5 Ra2+ 58. Kd1 Ra6 59. Kd2 d4
60. e6 Rxe6 61. Rxb5 Rg6 62. Rb8 Rxg2+ 63. Ke1 d3 64. Re8+ Kd4 65. Rf8 Kc3 66.
Rxf4 d2+ 67. Kf1 Rg4 0-1

[Event "3MCR_4D_2LA_2S"]
[Site "?"]
[Date "1999.??.??"]
[Round "2"]
[White "Minovsky, Roman"]
[Black "Jirkovsky, Tomas"]
[Result "0-1"]
[WhiteElo "2020"]
[BlackElo "2045"]
[PlyCount "92"]
[EventDate "1999.??.??"]
[EventType "corr"]

1. c4 Nf6 2. Nc3 g6 3. g3 Bg7 4. Bg2 O-O 5. d4 d6 6. Nf3 c5 7. d5 Na6 8. O-O
Nc7 9. e4 Rb8 10. a4 b6 11. h3 a6 12. Re1 b5 13. e5 Nfe8 14. axb5 axb5 15. exd6
exd6 16. cxb5 Nxb5 17. Bg5 Nf6 18. Ne4 Nc7 19. Nfd2 Ncxd5 20. Nc4 h6 21. Bxf6
Nxf6 22. Nexd6 Be6 23. Qc2 Qc7 24. Ra5 Rb4 25. Rea1 Ne8 26. Ra7 Qd8 27. Ra8 Qg5
28. h4 Qh5 29. Nxe8 Rxc4 30. Qd2 Rd4 31. Qe3 Rd1+ 32. Rxd1 Qxd1+ 33. Kh2 Qd4
34. Nxg7 Qxe3 35. Rxf8+ Kxf8 36. fxe3 Kxg7 37. Bc6 Kf6 38. Kg2 Ke5 39. Kf2 Bd5
40. Be8 Ke4 41. Bb5 Be6 42. Ke2 Bg4+ 43. Kf2 f6 44. Be8 g5 45. Bb5 Bh5 46. Bd7
Kd3 0-1

[Event "3MCR_4D_2LA_2S"]
[Site "?"]
[Date "1999.??.??"]
[Round "2"]
[White "Hnilicka, Michal"]
[Black "Bezpalec, Vratislav"]
[Result "1-0"]
[WhiteElo "1995"]
[BlackElo "2140"]
[PlyCount "51"]
[EventDate "1999.??.??"]
[EventType "corr"]

1. e4 e6 2. d4 d5 3. Nd2 Nf6 4. e5 Nfd7 5. f4 c5 6. c3 Nc6 7. Ndf3 Qb6 8. g3
cxd4 9. cxd4 Bb4+ 10. Kf2 g5 11. Be3 f6 12. Bh3 fxe5 13. Nxg5 exd4 14. Qh5+ Ke7
15. Bc1 d3+ 16. Kg2 Qc5 17. Bxe6 Qc2+ 18. Kh3 d2 19. Bxd2 Bxd2 20. N1f3 Rf8 21.
Qh4 Rf6 22. f5 Rxe6 23. Qxh7+ Kd6 24. fxe6 Qxb2 25. Nxd2 Nf6 26. Qf5 1-0

[Event "3MCR_4D_2LA_2S"]
[Site "?"]
[Date "1999.??.??"]
[Round "2"]
[White "Jirku, Jaroslav"]
[Black "Minovsky, Roman"]
[Result "1/2-1/2"]
[WhiteElo "2230"]
[BlackElo "2020"]
[PlyCount "99"]
[EventDate "1999.??.??"]
[EventType "corr"]

1. e4 e5 2. Nf3 Nc6 3. Bb5 a6 4. Ba4 Nf6 5. O-O Be7 6. Re1 b5 7. Bb3 d6 8. c3
O-O 9. h3 Nd7 10. d4 Nb6 11. Nbd2 exd4 12. cxd4 Nb4 13. Nf1 c5 14. a3 Nc6 15.
Ng3 cxd4 16. Nxd4 Nxd4 17. Qxd4 Bf6 18. Qb4 Be6 19. Nh5 Bxb3 20. Qxb3 Re8 21.
Qg3 Be5 22. f4 Bd4+ 23. Be3 Bxe3+ 24. Qxe3 g6 25. Ng3 d5 26. Rad1 Qh4 27. b3
dxe4 28. Nxe4 Re6 29. Qf2 Qxf2+ 30. Kxf2 Kf8 31. Nc5 Rxe1 32. Rxe1 a5 33. Re4
Rd8 34. Nb7 Rd2+ 35. Re2 Rxe2+ 36. Kxe2 a4 37. bxa4 bxa4 38. Kd3 Ke7 39. Kd4
Kd7 40. Kc5 Kc7 41. Na5 Nd7+ 42. Kb5 Nf6 43. Kxa4 Nh5 44. Nc4 Nxf4 45. Ne3 Kb6
46. Kb4 f5 47. Kc4 Ka5 48. Kd4 Ka4 49. Ke5 Nd3+ 50. Kf6 1/2-1/2

[Event "3MCR_4D_2LA_2S"]
[Site "?"]
[Date "1999.??.??"]
[Round "2"]
[White "Absolon, Vaclav"]
[Black "Bezpalec, Vratislav"]
[Result "1/2-1/2"]
[WhiteElo "1870"]
[BlackElo "2140"]
[PlyCount "92"]
[EventDate "1999.??.??"]
[EventType "corr"]

1. e4 e6 2. d4 d5 3. Nc3 Nf6 4. Bg5 dxe4 5. Nxe4 Be7 6. Bxf6 gxf6 7. Nf3 b6 8.
Bc4 Bb7 9. Qe2 c6 10. O-O-O Qc7 11. Rhe1 Nd7 12. Kb1 O-O-O 13. Ba6 Rhg8 14. g3
f5 15. Bxb7+ Kxb7 16. Ned2 Nf6 17. Nb3 Ne4 18. c3 Bf6 19. Nfd2 Nd6 20. Nc4 Nxc4
21. Qxc4 h5 22. Qe2 h4 23. Qf3 hxg3 24. hxg3 Rg4 25. Rd3 Kb8 26. Red1 Qd7 27.
c4 Rdg8 28. Qe3 f4 29. gxf4 Qd6 30. f5 exf5 31. f3 Rg2 32. R3d2 Kb7 33. Rxg2
Rxg2 34. Qe8 Qe7 35. Qxe7+ Bxe7 36. Rh1 Bf6 37. Rh7 Bg7 38. Rh5 c5 39. Rxf5
cxd4 40. Rxf7+ Kc8 41. Nc1 Bh6 42. f4 Kd8 43. Nd3 Rd2 44. Ne5 Ke8 45. Kc1 Rf2
46. Kd1 Bxf4 1/2-1/2

[Event "3MCR_4D_2LA_2S"]
[Site "?"]
[Date "1999.??.??"]
[Round "2"]
[White "Jirku, Jaroslav"]
[Black "Jirkovsky, Tomas"]
[Result "1-0"]
[WhiteElo "2230"]
[BlackElo "2045"]
[PlyCount "99"]
[EventDate "1999.??.??"]
[EventType "corr"]

1. e4 c6 2. d4 d5 3. Nc3 dxe4 4. Nxe4 Nd7 5. Nf3 Ngf6 6. Ng3 e6 7. Bc4 Nb6 8.
Bb3 c5 9. c3 Qc7 10. dxc5 Nbd7 11. O-O Nxc5 12. Bc2 Be7 13. Qd4 Qd6 14. Qxd6
Bxd6 15. Bg5 Nd5 16. Rad1 Bxg3 17. fxg3 f6 18. Bd2 Bd7 19. c4 Ne7 20. Be3 Na6
21. Rd6 b6 22. Rfd1 O-O-O 23. a3 e5 24. Nh4 Kc7 25. b4 g5 26. Rxf6 gxh4 27. Rf7
Nc8 28. Bg5 Nd6 29. Bxd8+ Rxd8 30. Rxh7 hxg3 31. hxg3 Nb8 32. c5 bxc5 33. bxc5
Nc4 34. Rd3 Nc6 35. Bb3 N4a5 36. Bd5 Nd4 37. Bf3 Kc8 38. g4 Bc6 39. Bxc6 Naxc6
40. Rdh3 Rg8 41. R3h4 e4 42. Rh8 Rxh8 43. Rxh8+ Kd7 44. g5 e3 45. Rh4 Ne2+ 46.
Kf1 Ng3+ 47. Ke1 Ne5 48. Rd4+ Kc6 49. Rd8 Kxc5 50. g6 1-0

[Event "3MCR_4D_2LA_2S"]
[Site "?"]
[Date "1999.??.??"]
[Round "2"]
[White "Liska, Karel"]
[Black "Jirkovsky, Tomas"]
[Result "1/2-1/2"]
[WhiteElo "2215"]
[BlackElo "2045"]
[PlyCount "89"]
[EventDate "1999.??.??"]
[EventType "corr"]

1. d4 Nf6 2. c4 g6 3. Nc3 Bg7 4. e4 d6 5. Be2 O-O 6. Nf3 e5 7. O-O Nbd7 8. Re1
c6 9. Bf1 a5 10. Rb1 Re8 11. d5 Nc5 12. b3 cxd5 13. cxd5 Bd7 14. Bg5 Qc7 15.
Rc1 Rec8 16. h3 Qd8 17. Qd2 Qf8 18. Qb2 Nh5 19. a4 Bh6 20. Bxh6 Qxh6 21. Nb5
Bxb5 22. Bxb5 f6 23. Rc3 Nf4 24. Nd2 Rc7 25. Qc2 f5 26. Bc4 Rf8 27. exf5 gxf5
28. Rg3+ Kh8 29. Kh2 Nh5 30. Rf3 e4 31. Qc3+ Qg7 32. Qxg7+ Kxg7 33. Rc3 Nd3 34.
Rf1 Nhf4 35. g3 Ne2 36. Rxd3 exd3 37. Bxd3 Nd4 38. Nc4 Rc5 39. Kg2 Rd8 40. Re1
Kf7 41. Nd2 Re8 42. Rd1 Kf6 43. Bc4 b5 44. axb5 Nxb5 45. Bxb5 1/2-1/2

[Event "3MCR_4D_2LA_3S"]
[Site "?"]
[Date "1999.??.??"]
[Round "3"]
[White "Grulich, Jiri"]
[Black "Zidu, Jan"]
[Result "1/2-1/2"]
[WhiteElo "2000"]
[BlackElo "2000"]
[PlyCount "35"]
[EventDate "1999.??.??"]
[EventType "corr"]

1. d4 Nf6 2. c4 g6 3. Nc3 d5 4. Nf3 Bg7 5. e3 O-O 6. Be2 c5 7. dxc5 dxc4 8. Qa4
Na6 9. Qxc4 Be6 10. Qb5 Nd5 11. Bd2 Rc8 12. Qxb7 Nab4 13. O-O Rb8 14. Qxa7 Ra8
15. Qb7 Rb8 16. Qa7 Ra8 17. Qb7 Rb8 18. Qa7 1/2-1/2

[Event "3MCR_4D_2LA_3S"]
[Site "?"]
[Date "1999.??.??"]
[Round "3"]
[White "Ederer, Karel"]
[Black "Stanek, Miroslav"]
[Result "0-1"]
[WhiteElo "2115"]
[BlackElo "2000"]
[PlyCount "32"]
[EventDate "1999.??.??"]
[EventType "corr"]

1. d4 Nf6 2. c4 g6 3. g3 d5 4. cxd5 Nxd5 5. Bg2 Bg7 6. Nf3 O-O 7. O-O Bf5 8.
Nbd2 Nb4 9. e4 Bd7 10. Nc4 Bg4 11. Qb3 Bxf3 12. Bxf3 N8c6 13. d5 Nd4 14. Qxb4
Nxf3+ 15. Kg2 Ne5 16. Qxb7 Nxc4 0-1

[Event "3MCR_4D_2LA_3S"]
[Site "?"]
[Date "1999.??.??"]
[Round "3"]
[White "Zidu, Jan"]
[Black "Nemec, Zdenek"]
[Result "1/2-1/2"]
[WhiteElo "2000"]
[BlackElo "2135"]
[PlyCount "68"]
[EventDate "1999.??.??"]
[EventType "corr"]

1. e4 e5 2. Nf3 Nf6 3. d4 Nxe4 4. Bd3 d5 5. Nxe5 Nd7 6. Nxd7 Bxd7 7. O-O Qh4 8.
c4 O-O-O 9. c5 g5 10. Be3 Re8 11. Nd2 Bg7 12. Nf3 Qh5 13. Nxg5 Qxd1 14. Rfxd1
Nxg5 15. Bxg5 Bxd4 16. c6 Be6 17. cxb7+ Kxb7 18. Ba6+ Kxa6 19. Rxd4 c5 20. Ra4+
Kb7 21. Rc1 Rhg8 22. h4 Rc8 23. Ra5 c4 24. Rd1 Rc6 25. Be3 Ra6 26. Rxa6 Kxa6
27. f3 Kb5 28. Bd4 a5 29. Re1 a4 30. a3 Kc6 31. Kf2 Kd6 32. g4 Bd7 33. Bf6 Re8
34. Rxe8 Bxe8 1/2-1/2

[Event "3MCR_4D_2LA_3S"]
[Site "?"]
[Date "1999.??.??"]
[Round "3"]
[White "Stanek, Miroslav"]
[Black "Nemec, Zdenek"]
[Result "1/2-1/2"]
[WhiteElo "2000"]
[BlackElo "2135"]
[PlyCount "56"]
[EventDate "1999.??.??"]
[EventType "corr"]

1. d4 f5 2. e4 fxe4 3. Nc3 Nf6 4. f3 Nc6 5. d5 Ne5 6. fxe4 d6 7. Bf4 Ng6 8. Bg5
e5 9. Bb5+ Bd7 10. Qd3 Be7 11. Nge2 Nxd5 12. Qxd5 Bxg5 13. O-O Nf4 14. Nxf4 c6
15. Qxd6 Bxf4 16. Nd5 cxd5 17. Qe6+ Qe7 18. Bxd7+ Kd8 19. Rad1 d4 20. Qxe7+
Kxe7 21. Ba4 Be3+ 22. Kh1 Rhf8 23. g3 Rxf1+ 24. Rxf1 Rf8 25. Rxf8 Kxf8 26. Bb5
a6 27. Bd3 Bc1 28. b3 Ke7 1/2-1/2

[Event "3MCR_4D_2LA_3S"]
[Site "?"]
[Date "1999.??.??"]
[Round "3"]
[White "Novak, Vaclav"]
[Black "Hrubant, Miloslav"]
[Result "0-1"]
[WhiteElo "1740"]
[BlackElo "1800"]
[PlyCount "38"]
[EventDate "1999.??.??"]
[EventType "corr"]

1. Nf3 d5 2. c4 d4 3. b4 f6 4. Bb2 e5 5. Qb3 c5 6. bxc5 Nc6 7. e3 Bxc5 8. Be2
Nge7 9. O-O O-O 10. Na3 a6 11. Nc2 Na5 12. Qd3 e4 13. Qxe4 Bf5 14. Qf4 d3 15.
Ncd4 dxe2 16. Rfc1 Qd7 17. Nxe2 Bd3 18. Ne5 fxe5 19. Qxe5 Nec6 0-1

[Event "3MCR_4D_2LA_3S"]
[Site "?"]
[Date "1999.??.??"]
[Round "3"]
[White "Zidu, Jan"]
[Black "Paukert, Martin"]
[Result "1/2-1/2"]
[WhiteElo "2000"]
[BlackElo "1985"]
[PlyCount "53"]
[EventDate "1999.??.??"]
[EventType "corr"]

1. e4 c5 2. Nf3 a6 3. c4 e6 4. Nc3 Qc7 5. g3 Nf6 6. Bg2 d6 7. O-O Be7 8. b3 O-O
9. d4 cxd4 10. Nxd4 Nc6 11. Be3 Bd7 12. Rc1 Rac8 13. Nd5 exd5 14. cxd5 Qa5 15.
dxc6 bxc6 16. Rc2 d5 17. e5 Ne4 18. f3 Ng5 19. f4 c5 20. fxg5 cxd4 21. Rxc8
Rxc8 22. Qxd4 Be6 23. Qa7 Rc7 24. Qb8+ Rc8 25. Qa7 Rc7 26. Qb8+ Rc8 27. Qa7
1/2-1/2

[Event "3MCR_4D_2LA_3S"]
[Site "?"]
[Date "1999.??.??"]
[Round "3"]
[White "Hrubant, Miloslav"]
[Black "Paukert, Martin"]
[Result "0-1"]
[WhiteElo "1800"]
[BlackElo "1985"]
[PlyCount "54"]
[EventDate "1999.??.??"]
[EventType "corr"]

1. e4 c5 2. Nf3 a6 3. c4 e6 4. Nc3 Qc7 5. d4 cxd4 6. Nxd4 Nf6 7. Bd3 Nc6 8.
Nxc6 dxc6 9. O-O e5 10. f4 Bg4 11. Qe1 O-O-O 12. Qg3 Qd7 13. fxe5 Nh5 14. Qh4
Be7 15. Bg5 Bxg5 16. Qxg5 h6 17. Qe3 Qxd3 18. Qxd3 Rxd3 19. Na4 Re8 20. Nc5 Rd2
21. b4 f6 22. e6 Rc2 23. e5 Bxe6 24. Nxe6 Rxe6 25. g4 Rxe5 26. gxh5 Rg5+ 27.
Kh1 Rxh5 0-1

[Event "3MCR_4D_2LA_3S"]
[Site "?"]
[Date "1999.??.??"]
[Round "3"]
[White "Hrubant, Miloslav"]
[Black "Zidu, Jan"]
[Result "0-1"]
[WhiteElo "1800"]
[BlackElo "2000"]
[PlyCount "60"]
[EventDate "1999.??.??"]
[EventType "corr"]

1. e4 c5 2. Nf3 d6 3. d4 cxd4 4. Nxd4 Nf6 5. Nc3 a6 6. Bg5 e6 7. f4 Qb6 8. Qd2
Qxb2 9. Rb1 Qa3 10. f5 Nc6 11. fxe6 fxe6 12. Nxc6 bxc6 13. e5 Nd5 14. Nxd5 cxd5
15. Be2 dxe5 16. O-O Ra7 17. c4 Qc5+ 18. Kh1 d4 19. Bh5+ g6 20. Bd1 Be7 21.
Ba4+ Kd8 22. Rf7 h6 23. Bxh6 e4 24. h3 Rb7 25. Rxb7 Bxb7 26. Qb2 Kc8 27. Bg7
Rxh3+ 28. gxh3 e3+ 29. Kg1 d3 30. Qe5 e2+ 0-1

[Event "3MCR_4D_2LA_3S"]
[Site "?"]
[Date "1999.??.??"]
[Round "3"]
[White "Zidu, Jan"]
[Black "Bares, Jiri"]
[Result "1/2-1/2"]
[WhiteElo "2000"]
[BlackElo "2155"]
[PlyCount "87"]
[EventDate "1999.??.??"]
[EventType "corr"]

1. e4 c5 2. Nf3 d6 3. d4 cxd4 4. Nxd4 Nf6 5. Nc3 g6 6. Be3 Bg7 7. f3 O-O 8. Qd2
Nc6 9. Bc4 Bd7 10. O-O-O Rc8 11. Bb3 Ne5 12. h4 h5 13. Bh6 Nc4 14. Bxc4 Rxc4
15. Bxg7 Kxg7 16. Kb1 Qa5 17. Nb3 Qe5 18. f4 Qe6 19. Nd4 Qg4 20. e5 dxe5 21.
fxe5 Ne4 22. Nxe4 Qxe4 23. b3 Rc7 24. Rde1 Qg4 25. Rhf1 Bc6 26. Re2 Qxh4 27.
Ref2 Rcc8 28. Qb4 Qg5 29. Rxf7+ Rxf7 30. Ne6+ Kh6 31. Rxf7 Qxe5 32. Qd2+ g5 33.
Nxg5 Kg6 34. Nf3 Qd6 35. Qg5+ Kxf7 36. Qxh5+ Kg7 37. Qg4+ Qg6 38. Qxc8 Qxg2 39.
Ne1 Qe4 40. Nd3 Qe3 41. Qf5 e6 42. Qg4+ Kf6 43. Qh4+ Kg6 44. Qg4+ 1/2-1/2

[Event "3MCR_4D_2LA_3S"]
[Site "?"]
[Date "1999.??.??"]
[Round "3"]
[White "Bares, Jiri"]
[Black "Rybak, David"]
[Result "1-0"]
[WhiteElo "2155"]
[BlackElo "1800"]
[PlyCount "29"]
[EventDate "1999.??.??"]
[EventType "corr"]

1. d4 d5 2. c4 e6 3. Nc3 c5 4. cxd5 cxd4 5. Qxd4 Nc6 6. Qd1 exd5 7. Qxd5 Bd7 8.
Nf3 Nf6 9. Qd1 Bc5 10. e3 Qe7 11. Be2 O-O-O 12. O-O g5 13. Qc2 Kb8 14. a3 g4
15. Nd2 1-0